30 Trees: And Why Landscape Architects Love Them / (Record no. 8692)

MARC details
000 -LEADER
fixed length control field 00596nam a22001697a 4500
003 - CONTROL NUMBER IDENTIFIER
control field OSt
005 - DATE AND TIME OF LATEST TRANSACTION
control field 20260401095823.0
008 - FIXED-LENGTH DATA ELEMENTS--GENERAL INFORMATION
fixed length control field 260401b |||||||| |||| 00| 0 eng d
020 ## - INTERNATIONAL STANDARD BOOK NUMBER
International Standard Book Number 9783035627312
040 ## - CATALOGING SOURCE
Transcribing agency n
082 ## - DEWEY DECIMAL CLASSIFICATION NUMBER
Classification number 712 H46 2019
245 ## - TITLE STATEMENT
Title 30 Trees: And Why Landscape Architects Love Them /
Statement of responsibility, etc. edited by Ron Henderson
260 ## - PUBLICATION, DISTRIBUTION, ETC.
Name of publisher, distributor, etc. Basel, Switzerland. Birkhäuser. 2019
300 ## - PHYSICAL DESCRIPTION
Extent 224 pages : illustrations (chiefly color) ; 24 cm
650 ## - SUBJECT ADDED ENTRY--TOPICAL TERM
Topical term or geographic name entry element Trees–Landscape architecture–Plant selection–Urban forestry–Landscape design–Environmental planning
942 ## - ADDED ENTRY ELEMENTS (KOHA)
Source of classification or shelving scheme Dewey Decimal Classification
Koha item type English Book
Suppress in OPAC No
Holdings
Withdrawn status Lost status Source of classification or shelving scheme Damaged status Not for loan Home library Current library Date acquired Total Checkouts Full call number Barcode Date last seen Price effective from Koha item type
    Dewey Decimal Classification     CENTRAL TUWAIQ 04/01/2026   712 H46 2019 1000000025833 04/01/2026 04/01/2026 English Book